[Event "PRO League Eastern 2017"]
[Site "chess.com INT"]
[Date "2017.01.25"]
[Round "3"]
[White "Aradhya, Garg"]
[Black "Murali, Krishna G."]
[Result "1-0"]
[WhiteElo "2230"]
[BlackElo "2068"]
[WhiteTeam "Delhi Dynamite"]
[BlackTeam "Amaravati Yodhas"]
[WhiteFideId "25006746"]
[BlackFideId "5018030"]
[EventDate "2017.01.11"]

1. Nf3 c5 2. g3 Nc6 3. Bg2 Nf6 4. c4 g6 5. O-O Bg7 6. Nc3 O-O 7. d4 cxd4 8. Nxd4
d6 9. e3 Bg4 10. f3 Bd7 11. b3 Qc8 12. Bb2 Bh3 13. Rc1 Bxg2 14. Kxg2 Rd8 15. Nd5
e5 16. Nxc6 bxc6 17. Ne7+ 1-0

[Event "PRO League Eastern 2017"]
[Site "chess.com INT"]
[Date "2017.01.25"]
[Round "3"]
[White "Neiksans, Arturs"]
[Black "Derbenev, Andrey"]
[Result "1-0"]
[WhiteTitle "GM"]
[BlackTitle "IM"]
[WhiteElo "2627"]
[BlackElo "2376"]
[WhiteTeam "Riga Magicians"]
[BlackTeam "Gorky Stormbringers"]
[WhiteFideId "11601388"]
[BlackFideId "4154169"]
[EventDate "2017.01.11"]

1. e4 e6 2. d3 d5 3. Nd2 Nc6 4. Ngf3 Nf6 5. c3 a5 6. e5 Nd7 7. d4 f6 8. Bb5 fxe5
9. dxe5 Be7 10. Bxc6 bxc6 11. Nd4 Nxe5 12. Qh5+ Ng6 13. Nxc6 Qd6 14. Nxe7 Qxe7
15. Nf3 Ba6 16. Be3 O-O-O 17. O-O-O Qd6 18. Rhe1 e5 19. Qg4+ Qd7 20. Qg3 Qf5 21.
Nh4 Nxh4 22. Qxh4 Rd6 23. Qa4 Bc4 24. b3 Bd3 25. Bc5 Rg6 26. g4 Rxg4 27. Qc6 Kb8
28. Qxd5 Be4 29. Qd2 a4 30. Kb2 Bc6 31. c4 Rh4 32. Qa5 Rxh2 33. Rd2 1-0

[Event "PRO League Eastern 2017"]
[Site "chess.com INT"]
[Date "2017.01.25"]
[Round "3"]
[White "Neiksans, Arturs"]
[Black "Gorozhanin, Mikhail"]
[Result "1-0"]
[WhiteTitle "GM"]
[BlackTitle "FM"]
[WhiteElo "2627"]
[BlackElo "2408"]
[WhiteTeam "Riga Magicians"]
[BlackTeam "Gorky Stormbringers"]
[WhiteFideId "11601388"]
[BlackFideId "4178262"]
[EventDate "2017.01.11"]

1. e4 e6 2. d4 d5 3. Nd2 Nf6 4. e5 Nfd7 5. Bd3 c5 6. c3 Nc6 7. Ne2 cxd4 8. cxd4
f6 9. exf6 Qxf6 10. Nf3 h6 11. O-O Bd6 12. Be3 O-O 13. Rc1 Rf7 14. Ng3 Nf8 15.
Re1 Bd7 16. a3 Be8 17. Bb1 Rc7 18. h3 Bg6 19. Nh2 Bxb1 20. Rxb1 Qg6 21. Ng4 Rf7
22. Rc1 Nd7 23. Qc2 Qxc2 24. Rxc2 Re8 25. Rd1 Nb6 26. Nf1 a5 27. Nd2 a4 28. Nf3
Nc4 29. Bc1 h5 30. Ngh2 b5 31. Re2 Rf6 32. Ng5 Bxh2+ 33. Kxh2 Re7 34. g3 g6 35.
Kg2 Kf8 36. Nf3 Re8 37. g4 hxg4 38. hxg4 Kg7 39. Ne5 N6xe5 40. dxe5 Rf7 41. Bg5
Rb8 42. Rde1 Rbb7 43. Bf6+ Kf8 44. f4 Ke8 45. Kg3 Rh7 46. f5 gxf5 47. gxf5 Kf7
48. Bg5 Rb8 49. Rf1 Rg8 50. fxe6+ Kxe6 51. Rf6+ Kd7 52. Kf4 Re7 53. e6+ Kd6 54.
Kf5 Rh8 55. Rf7 Ree8 56. Ra7 Rh1 57. Ra6+ Kc5 58. e7 d4 59. Ke6 d3 60. Rf2 Kd4
61. Kf7 Rxe7+ 62. Kxe7 Re1+ 63. Kd7 Rg1 64. Bf4 Ke4 65. Re6+ Kd5 66. Re7 Rg6 67.
Bd2 Rd6+ 68. Ke8 Rg6 69. Rd7+ Ke4 70. Re7+ Kd5 71. Bc3 Rg8+ 72. Kf7 Rg3 73. Rd7+
Kc6 74. Rd4 Rh3 75. Kf6 Nd6 76. Rd2 Rf3+ 77. Kg6 Nc4 78. Rd1 Kc5 79. R4xd3 Rf4
80. Bb4+ Kc6 81. Bc3 Rf2 82. Kg5 Rf7 83. Kh4 Rf5 84. Kg3 Rf7 85. Rf3 Re7 86. Kf2
Re4 87. Rd4 Re6 88. Rxc4+ Kd5 89. Rd4+ Kc5 90. Rf5+ Kb6 91. Rdf4 Re8 92. Rf6+
Kc5 93. R6f5+ Kb6 94. Re5 Rc8 95. Rf6+ Ka7 96. Re7+ Ka8 97. Ra6+ Kb8 98. Be5+
Rc7 99. Bxc7+ Kb7 100. Rb6+ Kc8 101. Rb8# 1-0

[Event "PRO League Eastern 2017"]
[Site "chess.com INT"]
[Date "2017.01.25"]
[Round "3"]
[White "Bagi, Mate"]
[Black "Hauge, Lars Oskar"]
[Result "0-1"]
[WhiteTitle "IM"]
[BlackTitle "IM"]
[WhiteElo "2443"]
[BlackElo "2431"]
[WhiteTeam "Budapest Gambit"]
[BlackTeam "Norway Gnomes"]
[WhiteFideId "742570"]
[BlackFideId "1509276"]
[EventDate "2017.01.11"]

1. Nf3 Nf6 2. g3 g6 3. Bg2 Bg7 4. O-O O-O 5. d4 d6 6. b3 d5 7. Bf4 c5 8. c3 Nc6
9. Qc1 cxd4 10. cxd4 Bg4 11. Rd1 Rc8 12. Qa3 Qb6 13. e3 Ne4 14. Nbd2 Nb4 15. h3
Bxf3 16. Bxf3 Nc2 17. Qxe7 Nxd2 18. Rxd2 Nxa1 19. Bxd5 Qd8 20. Qxb7 Nc2 21. Be4
g5 22. Bxc2 gxf4 23. Qe4 f5 24. Qxf4 Qa5 25. e4 Qxa2 26. Bd1 Qa6 27. e5 Bh6 28.
Ra2 Bxf4 29. Rxa6 Rc1 30. gxf4 Rxd1+ 31. Kg2 Rxd4 32. Kg3 Rf7 33. Rb6 0-1

[Event "PRO League Eastern 2017"]
[Site "chess.com INT"]
[Date "2017.01.25"]
[Round "3"]
[White "Bagi, Mate"]
[Black "Getz, Nicolai"]
[Result "1/2-1/2"]
[WhiteTitle "IM"]
[BlackTitle "IM"]
[WhiteElo "2443"]
[BlackElo "2420"]
[WhiteTeam "Budapest Gambit"]
[BlackTeam "Norway Gnomes"]
[WhiteFideId "742570"]
[BlackFideId "1505572"]
[EventDate "2017.01.11"]

1. Nf3 Nf6 2. g3 d5 3. Bg2 e6 4. c4 Be7 5. b3 c5 6. O-O O-O 7. Bb2 d4 8. b4 Nc6
9. bxc5 e5 10. d3 Nd7 11. Nbd2 Nxc5 12. Ba3 Qa5 13. Bxc5 Qxc5 14. Rb1 Qa5 15.
Qb3 Rb8 16. Qb5 Qc7 17. Rfc1 Bd7 18. Qb3 Be6 19. Qa4 f5 20. c5 Kh8 21. Qc2 Bd5
22. Ne1 Bxg2 23. Nxg2 Bg5 24. Rb2 Qd7 25. Rcb1 Bxd2 26. Qxd2 Qd5 27. Qc2 Ne7 28.
Qc4 Rfc8 29. Qxd5 Nxd5 30. Rxb7 Rxb7 31. Rxb7 g6 32. Rxa7 Rxc5 33. Nh4 Rc2 34.
Ra5 Nc3 35. Rxe5 Nxe2+ 36. Kf1 Nc3 37. Nf3 Kg7 38. Nxd4 Rc1+ 39. Kg2 Nxa2 40.
Nf3 Rd1 41. d4 Nc3 42. Re7+ Kg8 43. h4 Ne4 44. g4 fxg4 45. Rxe4 gxf3+ 46. Kxf3
Kf7 47. Ke2 Ra1 48. Kd3 Ra2 49. Re2 Ra3+ 50. Kc4 Rh3 51. Re4 Rf3 52. d5 Rxf2 53.
d6 Rd2 54. Kc5 h6 55. Kc6 g5 56. hxg5 hxg5 57. d7 Rc2+ 58. Kd6 Rd2+ 59. Kc7 Rc2+
60. Kd8 Rd2 61. Rc4 Rd3 62. Kc8 Ke7 63. Re4+ Kf6 64. d8=Q+ Rxd8+ 65. Kxd8 Kf5
66. Re8 Kf4 67. Kd7 g4 68. Kd6 g3 69. Kd5 g2 70. Rg8 Kf3 71. Kd4 Kf2 72. Kd3
g1=Q 73. Rxg1 Kxg1 1/2-1/2

[Event "PRO League Eastern 2017"]
[Site "chess.com INT"]
[Date "2017.01.25"]
[Round "3"]
[White "Beletic, Daniel"]
[Black "Padmini, Rout"]
[Result "1-0"]
[WhiteTitle "FM"]
[BlackTitle "IM"]
[WhiteElo "2286"]
[BlackElo "2387"]
[WhiteTeam "Ljubljana Direwolves"]
[BlackTeam "Odisha Express"]
[WhiteFideId "14602709"]
[BlackFideId "5029295"]
[EventDate "2017.01.11"]

1. d4 Nf6 2. Nf3 g6 3. Nc3 d5 4. Bf4 Bg7 5. e3 c6 6. Be2 Nbd7 7. Ne5 Nxe5 8.
Bxe5 Qb6 9. a3 a5 10. Na4 Qd8 11. O-O O-O 12. b3 Bh6 13. Bxf6 exf6 14. c4 f5 15.
g3 Re8 16. cxd5 Qxd5 17. Nb6 Qd8 18. Nxa8 Be6 19. Bc4 Qxa8 20. Bxe6 Rxe6 21. Qd3
Bf8 22. b4 Rd6 23. Rfc1 Rd5 24. bxa5 Rxa5 25. Rc3 h5 26. Rb3 h4 27. gxh4 f4 28.
e4 Rh5 29. h3 Rxh4 30. Rab1 b5 31. d5 cxd5 32. exd5 Bd6 33. Rxb5 Qd8 34. Rb6
Qg5+ 35. Kf1 Qe7 36. Qd4 Kh7 37. Rb7 Qe8 38. Qf6 Rxh3 39. Qxf7+ Qxf7 40. Rxf7+
Kh6 41. Kg2 1-0

[Event "PRO League Eastern 2017"]
[Site "chess.com INT"]
[Date "2017.01.25"]
[Round "3"]
[White "Beletic, Daniel"]
[Black "Ankit, R. Rajpara"]
[Result "1/2-1/2"]
[WhiteTitle "FM"]
[BlackTitle "GM"]
[WhiteElo "2286"]
[BlackElo "2474"]
[WhiteTeam "Ljubljana Direwolves"]
[BlackTeam "Odisha Express"]
[WhiteFideId "14602709"]
[BlackFideId "5023335"]
[EventDate "2017.01.11"]

1. d4 d5 2. Bf4 Nf6 3. e3 c5 4. c3 Nc6 5. Nd2 e6 6. Ngf3 Be7 7. Bd3 Qb6 8. Rb1
O-O 9. Ne5 Nxe5 10. dxe5 Nd7 11. Qh5 f5 12. g4 g6 13. Qh3 Qc7 14. gxf5 exf5 15.
Nf3 Qc6 16. Rg1 Qe6 17. Qg3 Kf7 18. h4 Ke8 19. h5 Rg8 20. Qh3 Nf8 21. hxg6 hxg6
22. Ng5 Bxg5 23. Rxg5 Bd7 24. Qg2 Rh8 25. b4 c4 26. Bc2 b5 27. a4 a6 28. Ra1 Bc6
29. axb5 axb5 30. Rxa8+ Bxa8 31. Rg3 Bc6 32. Qf1 Nd7 33. Rh3 Rg8 34. Kd2 Nxe5
35. Qa1 Nf7 36. Qa7 Qd7 37. Qd4 Nd8 38. Rh8 Qe6 39. Bg5 Bd7 40. Qg7 Rxh8 41.
Qxh8+ Kf7 42. Qxd8 Qd6 43. Bf4 Qe6 44. Qh8 Bc6 45. Qh7+ Ke8 46. Qh8+ Kd7 47.
Qg7+ Ke8 48. Qe5 Qxe5 49. Bxe5 Kf7 50. f4 Ke6 51. Ke2 Kf7 52. Kf2 Bb7 53. Kg3
Bc6 54. Kh4 Bb7 55. Kg5 Bc6 56. Bd1 Bb7 57. Kh4 Bc6 58. Kg3 Bb7 59. Kf2 Ke6 60.
Bf3 Bc6 61. Be2 Bb7 62. Bd1 Bc6 63. Kg3 Bb7 64. Kh4 Kf7 65. Kg5 Bc6 66. Kh6 Bb7
67. Bc2 Bc6 68. Kg5 Bb7 69. Kh4 Bc6 70. Kg3 Bb7 71. Kf2 Ke6 72. e4 dxe4 73. Ke3
Kd5 74. Bd1 Bc8 75. Bd4 Be6 76. Be2 Bc8 77. Kf2 Ke6 78. Kg3 Kf7 79. Kh4 Bd7 80.
Kg5 Be6 81. Be5 Bd7 82. Kh4 Bc8 83. Kg3 Ke6 84. Kf2 Bd7 85. Ke3 Kd5 86. Bf1 g5
87. Bf6 g4 88. Kf2 Ke6 89. Bd4 Be8 90. Kg3 Kf7 91. Kh4 Kg6 92. Be2 Bf7 93. Bf1
Be6 94. Be2 Bd5 95. Be3 Bc6 96. Bd4 Bb7 97. Be5 Bc8 98. Bd4 Bd7 99. Bf2 Be6 100.
Bg3 Bc8 101. Bh2 Bd7 102. Kg3 Kf7 103. Kf2 Ke6 104. Ke3 Kd5 105. Bg3 Be8 106.
Bh2 Bf7 107. Bg3 Bh5 108. Bh2 Ke6 109. Bg3 Kd5 110. Bh2 Bf7 111. Bg3 Be6 112.
Bh2 Bd7 113. Bg3 Be8 114. Bh2 Bh5 115. Bg3 Bg6 116. Bh2 Bf7 117. Bg3 Bh5 118.
Bh2 Kd6 119. Bg3 Kd5 120. Bf1 Be8 121. Bh2 Bd7 122. Bg3 Bc8 123. Bh2 Bd7 124.
Bg3 Be8 125. Bf2 Bh5 126. Bg3 Bf7 127. Bh4 Kd6 128. Kd4 Bh5 129. Bg3 Bg6 130.
Bh4 Bh5 131. Bg3 Be8 132. Bh4 Bf7 133. Bg3 Bg6 134. Bh4 Bh7 135. Bg3 Bg8 136.
Bh4 Bd5 137. Bg3 Bb7 138. Bh4 Bd5 139. Bg3 Be6 140. Bh4 Bf7 141. Bg3 Bg6 142.
Bh4 Be8 143. Bg3 Bd7 144. Bh4 Be6 145. Bg3 Bf7 146. Bh4 Bh5 1/2-1/2

[Event "PRO League Eastern 2017"]
[Site "chess.com INT"]
[Date "2017.01.25"]
[Round "3"]
[White "Asik, Josip"]
[Black "De Abreu, Roberto N"]
[Result "1-0"]
[WhiteTitle "FM"]
[BlackTitle "FM"]
[WhiteElo "2283"]
[BlackElo "2110"]
[WhiteTeam "Belgrade Sparrows"]
[BlackTeam "Johannesburg Koeksisters"]
[WhiteFideId "916030"]
[BlackFideId "14307472"]
[EventDate "2017.01.11"]

1. e4 e6 2. Nf3 d5 3. Nc3 Nf6 4. e5 Nfd7 5. d4 c5 6. dxc5 Nc6 7. Bf4 Nxc5 8. Bb5
Be7 9. O-O O-O 10. Re1 f6 11. exf6 Bxf6 12. Bg3 Qb6 13. Bxc6 bxc6 14. Rb1 a5 15.
Bd6 Rd8 16. Be5 Rf8 17. Qd4 Nd7 18. Na4 Qxd4 19. Bxd4 e5 20. Nxe5 Nxe5 21. Bxe5
Bxe5 22. Rxe5 Bf5 23. Re2 Rae8 24. Rbe1 Rxe2 25. Rxe2 Rb8 26. b3 Kf7 27. f3 Re8
28. Rxe8 Kxe8 29. c3 Bb1 30. a3 Bc2 31. Nc5 Ke7 32. Kf2 Kd6 33. Nb7+ Kc7 34.
Nxa5 Kb6 35. b4 Kb5 36. Ke3 Ka4 37. Nxc6 Kxa3 38. Ne7 Bb3 39. Kd4 Ka4 40. Nxd5
Kb5 41. Ne3 Kc6 42. c4 Ba4 43. b5+ Kb6 44. Nd5+ Kb7 45. Nc3 Bc2 46. c5 g5 47. g3
h5 48. Ke5 Bg6 49. f4 gxf4 50. gxf4 h4 51. f5 Bh7 52. f6 Bg8 53. Kd6 h3 54. Ke7 1-0

[Event "PRO League Eastern 2017"]
[Site "chess.com INT"]
[Date "2017.01.25"]
[Round "3"]
[White "Cawdery, Daniel"]
[Black "Tadic, Branko"]
[Result "1-0"]
[WhiteTitle "IM"]
[BlackTitle "GM"]
[WhiteElo "2418"]
[BlackElo "2472"]
[WhiteTeam "Johannesburg Koeksisters"]
[BlackTeam "Belgrade Sparrows"]
[WhiteFideId "14300249"]
[BlackFideId "916412"]
[EventDate "2017.01.11"]

1. e4 c5 2. Nf3 Nf6 3. e5 Nd5 4. Nc3 e6 5. Bc4 Nb6 6. d3 d5 7. exd6 Bxd6 8. O-O
Nxc4 9. dxc4 a6 10. Ne4 Be7 11. Qxd8+ Kxd8 12. Bf4 f6 13. Rad1+ Nd7 14. Nd6 Rf8
15. Rfe1 g5 16. Bg3 g4 17. Nh4 f5 18. Rxe6 f4 19. Nhf5 Bg5 20. Bh4 Bxh4 21. Nxh4
b6 22. Nhf5 Ra7 23. Re7 g3 24. hxg3 fxg3 25. fxg3 Kc7 26. Rxh7 Kb8 27. Nxc8 Kxc8
28. Ne7+ Kc7 29. Rxd7+ 1-0

[Event "PRO League Eastern 2017"]
[Site "chess.com INT"]
[Date "2017.01.25"]
[Round "3"]
[White "Cawdery, Daniel"]
[Black "Arsovic, Goran"]
[Result "1-0"]
[WhiteTitle "IM"]
[BlackTitle "IM"]
[WhiteElo "2418"]
[BlackElo "2401"]
[WhiteTeam "Johannesburg Koeksisters"]
[BlackTeam "Belgrade Sparrows"]
[WhiteFideId "14300249"]
[BlackFideId "901792"]
[EventDate "2017.01.11"]

1. e4 c5 2. Nf3 d6 3. d4 cxd4 4. Qxd4 a6 5. Be3 Nc6 6. Qd2 Nf6 7. Nc3 e6 8.
O-O-O Be7 9. Bf4 Ng4 10. h3 Nge5 11. Nxe5 Nxe5 12. Nb5 axb5 13. Bxe5 Bd7 14.
Bxd6 Bxd6 15. Qxd6 Rxa2 16. Kb1 Ra6 17. Qxd7+ Qxd7 18. Rxd7 Kxd7 19. Bxb5+ Rc6
20. Rd1+ Kc7 21. Bxc6 Kxc6 22. Rd3 f6 23. b4 h5 24. Kb2 Rh6 25. Rg3 g5 26. e5 b5
27. exf6 Rxf6 28. Rxg5 Rxf2 29. Rc5+ Kb6 30. Re5 Rxg2 31. Rxe6+ Kc7 32. Re5 Kc6
33. Rc5+ Kb6 34. Rxh5 Rg3 35. Rh8 Rf3 36. h4 Rf4 37. c3 Rf2+ 38. Kb3 Rh2 39. h5
Rh4 40. h6 Kb7 41. Kc2 Rh3 42. Kd2 Ka7 43. h7 Kb7 44. Ke2 Ka7 45. Kf2 Kb7 46.
Kg2 Rh6 47. Kg3 Ka7 48. Kg4 Kb7 49. Kg5 Rh1 50. Kg6 Rg1+ 51. Kf6 Rf1+ 52. Ke6
Rh1 53. Rf8 Rh6+ 54. Rf6 Rxh7 55. Rf7+ Rxf7 56. Kxf7 1-0

[Event "PRO League Eastern 2017"]
[Site "chess.com INT"]
[Date "2017.01.25"]
[Round "3"]
[White "Derbenev, Andrey"]
[Black "Meskovs, Nikita"]
[Result "0-1"]
[WhiteTitle "IM"]
[BlackTitle "IM"]
[WhiteElo "2376"]
[BlackElo "2490"]
[WhiteTeam "Gorky Stormbringers"]
[BlackTeam "Riga Magicians"]
[WhiteFideId "4154169"]
[BlackFideId "11602740"]
[EventDate "2017.01.11"]

1. d4 Nf6 2. Bg5 d5 3. Nd2 Nbd7 4. Ngf3 c5 5. c3 Qb6 6. Qb3 e6 7. e3 Bd6 8. Qxb6
Nxb6 9. Bxf6 gxf6 10. e4 cxd4 11. Nxd4 a6 12. exd5 Nxd5 13. g3 Bc5 14. Bg2 Nc7
15. O-O-O Ke7 16. Rhe1 Rd8 17. Nf5+ Kf8 18. Ne4 Rxd1+ 19. Rxd1 Bb6 20. Nfd6 Ke7
21. f4 Bd7 22. Nc4 Ba7 23. Ned6 Bc6 24. Bxc6 bxc6 25. Nxf7 Nd5 26. Nfd6 h5 27.
Ne4 h4 28. gxh4 Rh8 29. Na5 Be3+ 30. Kb1 Bxf4 31. c4 Nb6 32. Nxc6+ Kf7 33. Nc5
e5 34. Rd6 Nxc4 35. Rd7+ Kg6 36. Ne7+ Kh5 37. Ne4 Rf8 38. Nd5 Kxh4 39. Ndxf6 Kh3
40. Rg7 Rb8 41. Nf2+ Kxh2 42. N6g4+ Kg2 43. Nxe5+ Kxf2 44. Nxc4 Kf3 45. b3 Rh8
46. Kb2 Rh2+ 47. Ka3 Bc1+ 48. Kb4 Rxa2 49. Ra7 Bg5 50. Rf7+ Ke4 51. Ra7 Bh4 52.
Kc3 Be1+ 0-1

[Event "PRO League Eastern 2017"]
[Site "chess.com INT"]
[Date "2017.01.25"]
[Round "3"]
[White "Derbenev, Andrey"]
[Black "Klimakovs, Sergejs"]
[Result "0-1"]
[WhiteTitle "IM"]
[WhiteElo "2376"]
[BlackElo "2300"]
[WhiteTeam "Gorky Stormbringers"]
[BlackTeam "Riga Magicians"]
[WhiteFideId "4154169"]
[BlackFideId "11602066"]
[EventDate "2017.01.11"]

1. d4 Nf6 2. Bg5 Ne4 3. Bf4 c5 4. f3 Nf6 5. dxc5 Qa5+ 6. Nc3 Qxc5 7. e4 g6 8.
Qd2 Bg7 9. Nge2 Nc6 10. O-O-O Qa5 11. Bh6 Bxh6 12. Qxh6 d6 13. Nf4 Be6 14. Nxe6
fxe6 15. Bc4 e5 16. Qh3 Nd4 17. Kb1 Qc5 18. Bd3 Rc8 19. Nb5 Nxb5 20. Bxb5+ Kf7
21. Ba4 Kg7 22. Qe6 Rc7 23. Bb3 Rf8 24. Rd3 Qf2 25. g3 b5 26. Rc3 Rb7 27. a3 a5
28. Rc8 Qxf3 29. Rxf8 Qxh1+ 30. Ka2 Qxh2 31. Rf7+ Kh6 32. Rxe7 Rxe7 33. Qxe7 Kg5
34. Qxd6 Qxg3 35. Qd2+ Qf4 36. Qxa5 h5 37. Qxb5 h4 38. Be6 Nxe4 39. a4 Kf6 40.
Bc8 Nd6 41. Qc6 Qd4 42. c3 Qc4+ 43. Qxc4 Nxc4 44. Bh3 e4 45. b3 e3 46. Bf1 h3
47. bxc4 h2 0-1

[Event "PRO League Eastern 2017"]
[Site "chess.com INT"]
[Date "2017.01.25"]
[Round "3"]
[White "Simonovic, Miroslav"]
[Black "Pon, Matt"]
[Result "1-0"]
[WhiteTitle "CM"]
[BlackTitle "FM"]
[WhiteElo "2219"]
[BlackElo "2165"]
[WhiteTeam "Belgrade Sparrows"]
[BlackTeam "Johannesburg Koeksisters"]
[WhiteFideId "919152"]
[BlackFideId "14301644"]
[EventDate "2017.01.11"]

1. d4 e6 2. c4 Nf6 3. g3 c5 4. d5 exd5 5. cxd5 d6 6. Nc3 g6 7. Bg2 Bg7 8. Nf3
O-O 9. O-O Re8 10. Bf4 a6 11. a4 Ne4 12. Nxe4 Rxe4 13. Nd2 Rxf4 14. gxf4 Bxb2
15. Rb1 Bg7 16. e4 b5 17. e5 dxe5 18. fxe5 Bxe5 19. Re1 Qc7 20. d6 Bxh2+ 21.
Kxh2 Qxd6+ 22. Kg1 Nc6 23. axb5 axb5 24. Re8+ Kg7 25. Ne4 Qf4 26. Qd6 Qf5 1-0

[Event "PRO League Eastern 2017"]
[Site "chess.com INT"]
[Date "2017.01.25"]
[Round "3"]
[White "Shaposhnikov, Evgeny"]
[Black "Neiksans, Arturs"]
[Result "1-0"]
[WhiteTitle "GM"]
[BlackTitle "GM"]
[WhiteElo "2557"]
[BlackElo "2627"]
[WhiteTeam "Gorky Stormbringers"]
[BlackTeam "Riga Magicians"]
[WhiteFideId "4122232"]
[BlackFideId "11601388"]
[EventDate "2017.01.11"]

1. e4 c5 2. Nf3 e6 3. d4 cxd4 4. Nxd4 a6 5. Nc3 Qc7 6. Be2 Nf6 7. O-O Be7 8. f4
d6 9. Be3 Nc6 10. Qe1 O-O 11. Qg3 Bd7 12. Kh1 b5 13. a3 Na5 14. e5 Ne8 15. Nf5
Bc6 16. Nxe7+ Qxe7 17. b4 Nb7 18. Bd3 f5 19. exf6 Nxf6 20. Bd4 Rae8 21. Rae1 Qf7
22. Qh4 g6 23. Kg1 Nd8 24. Re3 Bb7 25. Rg3 Nc6 26. Qxf6 Qxf6 27. Bxf6 Rxf6 28.
Ne4 Rff8 29. Nxd6 Re7 30. Re3 Nd8 31. f5 gxf5 32. Nxf5 Ree8 33. Nd6 Rxf1+ 34.
Bxf1 Re7 35. c4 Rd7 36. Nxb7 Rxb7 37. c5 Kf7 38. Rh3 Kg8 39. Bd3 Rd7 40. Kf2 Nc6
41. Ke3 Ne5 42. Be2 Nc6 43. Rh5 Ne7 44. Re5 Nf5+ 45. Kf4 Kf7 46. Bg4 Nd4 47. Ke4
Kf6 48. Rh5 Kg6 49. Rh3 Nc6 50. Bh5+ Kg7 51. Rd3 Rxd3 52. Kxd3 Kf6 53. Bf3 Ne7
54. Bb7 1-0

[Event "PRO League Eastern 2017"]
[Site "chess.com INT"]
[Date "2017.01.25"]
[Round "3"]
[White "Shaposhnikov, Evgeny"]
[Black "Samolins, Vitalijs"]
[Result "1-0"]
[WhiteTitle "GM"]
[BlackTitle "IM"]
[WhiteElo "2557"]
[BlackElo "2402"]
[WhiteTeam "Gorky Stormbringers"]
[BlackTeam "Riga Magicians"]
[WhiteFideId "4122232"]
[BlackFideId "11602112"]
[EventDate "2017.01.11"]

1. d4 f5 2. Nc3 Nf6 3. Bg5 d5 4. Bxf6 exf6 5. e3 Be6 6. Bd3 Qd7 7. Nge2 Nc6 8.
a3 Bf7 9. O-O Bd6 10. b3 a6 11. Na4 Ne7 12. c4 dxc4 13. bxc4 b5 14. cxb5 axb5
15. Nc5 Bxc5 16. dxc5 O-O 17. Qc2 c6 18. Rfd1 Qc8 19. Nd4 g6 20. a4 bxa4 21.
Rxa4 Nd5 22. Rda1 Qb7 23. Ba6 Qc7 24. Bc4 Qb7 25. g3 Rfd8 26. Bf1 Kg7 27. R1a3
Re8 28. Qd1 Nc7 29. Qa1 Rxa4 30. Rxa4 Bd5 31. Ra7 Qc8 32. Qa5 Re7 33. Qb6 Qd7
34. Bg2 Bxg2 35. Kxg2 f4 36. Rxc7 f3+ 37. Kxf3 1-0

[Event "PRO League Eastern 2017"]
[Site "chess.com INT"]
[Date "2017.01.25"]
[Round "3"]
[White "Yatzenko, Anton"]
[Black "Neiksans, Arturs"]
[Result "1-0"]
[BlackTitle "GM"]
[WhiteElo "2361"]
[BlackElo "2627"]
[WhiteTeam "Gorky Stormbringers"]
[BlackTeam "Riga Magicians"]
[WhiteFideId "4157826"]
[BlackFideId "11601388"]
[EventDate "2017.01.11"]

1. e4 c5 2. Nf3 e6 3. c3 Nf6 4. e5 Nd5 5. d4 cxd4 6. cxd4 d6 7. Bc4 Be7 8. O-O
O-O 9. Qe2 b6 10. Rd1 Bb7 11. Bxd5 exd5 12. Nc3 Na6 13. Bf4 Nc7 14. Rac1 Ne6 15.
exd6 Bxd6 16. Bxd6 Qxd6 17. Qe5 Qd7 18. Qf5 Rad8 19. Re1 Nc7 20. Nh4 Bc8 21. Qf4
Ne6 22. Qd2 g6 23. Nf3 f6 24. Re3 Ng7 25. Nd1 Qd6 26. Rec3 Bf5 27. Rc6 Qe7 28.
Ne3 Be4 29. Ne1 g5 30. f3 Bg6 31. Rc7 Rd7 32. Nxd5 Qd6 33. Rxd7 Qxd7 34. Ne3 Ne6
35. d5 Rd8 36. Ng4 Qe7 37. Qc3 Nf4 38. Qxf6 Qxf6 39. Nxf6+ Kf7 40. Rc6 h5 41.
Kf1 h4 42. Ne4 Rxd5 43. Rc7+ Kf8 44. Rxa7 Bxe4 45. fxe4 Rd2 46. b4 g4 47. Rc7
Rxa2 48. Rc2 Rxc2 49. Nxc2 g3 50. hxg3 hxg3 51. Ne3 Nd3 52. Nd5 b5 53. Ke2 Ne5
54. Ke3 Kf7 55. Kf4 Nd3+ 56. Kxg3 Ke6 57. Nf4+ 1-0

[Event "PRO League Eastern 2017"]
[Site "chess.com INT"]
[Date "2017.01.25"]
[Round "3"]
[White "Yatzenko, Anton"]
[Black "Samolins, Vitalijs"]
[Result "1-0"]
[BlackTitle "IM"]
[WhiteElo "2361"]
[BlackElo "2402"]
[WhiteTeam "Gorky Stormbringers"]
[BlackTeam "Riga Magicians"]
[WhiteFideId "4157826"]
[BlackFideId "11602112"]
[EventDate "2017.01.11"]

1. d4 f5 2. Bg5 h6 3. Bh4 g5 4. e3 Nf6 5. Bg3 Bg7 6. Bd3 d6 7. h4 g4 8. Nc3 Nc6
9. d5 Ne5 10. Nge2 Nxd3+ 11. Qxd3 Nh5 12. O-O-O e5 13. dxe6 Bxe6 14. Nd4 Bxd4
15. exd4 O-O 16. Rhe1 Qf6 17. Qb5 Rab8 18. Qa5 Rbc8 19. Qxa7 b6 20. Qb7 Qf7 21.
d5 Bd7 22. Qa6 Qf6 23. Kb1 f4 24. Bh2 Qxh4 25. Rh1 Qg5 26. f3 Rce8 27. Qc4 Qd8
28. Bg1 Re5 29. Bd4 Rg5 30. Ne4 Ng3 31. Rxh6 Nxe4 32. fxe4 Kf7 33. Bf6 Qxf6 34.
Rxf6+ Kxf6 35. Qxc7 1-0

[Event "PRO League Eastern 2017"]
[Site "chess.com INT"]
[Date "2017.01.25"]
[Round "3"]
[White "Nagy, Gabor1"]
[Black "Hauge, Lars Oskar"]
[Result "0-1"]
[WhiteTitle "IM"]
[BlackTitle "IM"]
[WhiteElo "2433"]
[BlackElo "2431"]
[WhiteTeam "Budapest Gambit"]
[BlackTeam "Norway Gnomes"]
[WhiteFideId "737119"]
[BlackFideId "1509276"]
[EventDate "2017.01.11"]

1. e4 c5 2. Nf3 d6 3. d4 cxd4 4. Nxd4 Nf6 5. Nc3 a6 6. Qd3 g6 7. Bg5 Bg7 8.
O-O-O b5 9. e5 dxe5 10. Qf3 exd4 11. Qxa8 Nfd7 12. Nd5 f6 13. Bd2 O-O 14. Bb4
Rf7 15. Rxd4 e6 16. Nc3 Qb6 17. Rd6 Qxf2 18. Bd3 Qf4+ 19. Kb1 Qxb4 20. Rxe6 f5
21. Re8+ Rf8 22. Rxf8+ Kxf8 23. a3 Qd6 24. Na2 Qd4 25. Nc3 b4 26. axb4 Qxb4 27.
Nd1 Bb7 28. Qa7 Bd4 29. c3 Bxa7 30. cxb4 Bxg2 31. Re1 Bb7 32. Nc3 Nc6 33. b5 Nb4
34. Bc4 axb5 35. Bxb5 Nf6 36. Re6 Ne4 37. Re8+ Kf7 38. Rh8 Bd4 39. Rxh7+ Bg7 40.
Rh3 g5 41. Kc1 g4 42. Rh5 Kg6 43. Be8+ Kf6 44. Bd7 Ng5 45. Kd2 Kg6 46. Be8+ Kf6
47. Ne2 Nd5 48. Bd7 Nf3+ 49. Kd3 Ba6+ 50. Kc2 Ne3+ 51. Kb3 Bxe2 0-1